<?xml version="1.0" encoding="UTF-8"?>
<record
    xmlns:xsi="http://www.w3.org/2001/XMLSchema-instance"
    xsi:schemaLocation="http://www.loc.gov/MARC21/slim http://www.loc.gov/standards/marcxml/schema/MARC21slim.xsd"
    xmlns="http://www.loc.gov/MARC21/slim">

  <leader>01888nam a22002417a 4500</leader>
  <controlfield tag="005">20250705122715.0</controlfield>
  <controlfield tag="008">250705b        |||||||| |||| 00| 0 eng d</controlfield>
  <datafield tag="020" ind1=" " ind2=" ">
    <subfield code="a">9789360451981</subfield>
  </datafield>
  <datafield tag="040" ind1=" " ind2=" ">
    <subfield code="c">AL</subfield>
  </datafield>
  <datafield tag="041" ind1=" " ind2=" ">
    <subfield code="a">English</subfield>
  </datafield>
  <datafield tag="082" ind1=" " ind2=" ">
    <subfield code="a">659.2</subfield>
    <subfield code="b">PRAS</subfield>
  </datafield>
  <datafield tag="100" ind1=" " ind2=" ">
    <subfield code="a">Amith prabhu</subfield>
    <subfield code="9">217481</subfield>
  </datafield>
  <datafield tag="245" ind1=" " ind2=" ">
    <subfield code="a">Shine</subfield>
    <subfield code="b">: Stories and insights from Indias public relations builders</subfield>
  </datafield>
  <datafield tag="260" ind1=" " ind2=" ">
    <subfield code="a">Chennai</subfield>
    <subfield code="b">Westland business</subfield>
    <subfield code="c">2025</subfield>
  </datafield>
  <datafield tag="300" ind1=" " ind2=" ">
    <subfield code="a">255 p.</subfield>
    <subfield code="b">PB</subfield>
    <subfield code="c">22x14 cm.</subfield>
  </datafield>
  <datafield tag="365" ind1=" " ind2=" ">
    <subfield code="a">FQAF-5546</subfield>
    <subfield code="b">&#x20B9;320.00</subfield>
    <subfield code="c">&#x20B9;</subfield>
    <subfield code="d">&#x20B9;320.00</subfield>
    <subfield code="e">0%</subfield>
    <subfield code="f">30-06-2025</subfield>
  </datafield>
  <datafield tag="520" ind1=" " ind2=" ">
    <subfield code="a">THIRTY PROFILES AND PERSPECTIVES FROM THE BUILDERS OF THE INDIAN PR INDUSTRY.

Kiran Ray Chaudhary. Madhavendra Das. Tarun Deo. Nikhil Dey. Deepshika Dharmaraj. Dhrubajyoti Gayan. Veena Gidwani. Santanu Gogoi. Ameer Ismail. Deepak Jolly. Pranav Kumar. Sonya Madeira. Sunayna Malik. Nitin Mantri. Anurag Mittal. Abhilasha Padhy. Pooja Pathak. Udit Pathak. Valerie Pinto. Xavier Prabhu. Sharif Rangnekar. Rekha Rao. Amitabh Saxena. Radhika Shapoorjee. Atul Sharma. Ashwani Singla. Aseem Sood. Rakesh Thukral. Sarvesh Tiwari. Dilip Yadav.
These are some of the best-known names in the business of public relations, the builders who laid the ground on which the profession stands today.
In Shine: Stories and Insights from Indias Public Relations Builders, editors Amith Prabhu and Sarika Chavan interview thirty senior PR professionals, where they talk about their life, work and methods. Read together, the thirty pieces illuminate how the field of PR consultancy has grown over the years.
These tales allow the reader a ringside view of the many ways in which these leaders found their way to the profession&#x2014;and to success.
A must-read for every PR professional and enthusiast..</subfield>
  </datafield>
  <datafield tag="650" ind1=" " ind2=" ">
    <subfield code="a">Public relations</subfield>
    <subfield code="9">217482</subfield>
  </datafield>
  <datafield tag="650" ind1=" " ind2=" ">
    <subfield code="a">Builders</subfield>
    <subfield code="9">217483</subfield>
  </datafield>
  <datafield tag="650" ind1=" " ind2=" ">
    <subfield code="a">business</subfield>
    <subfield code="9">217484</subfield>
  </datafield>
  <datafield tag="700" ind1=" " ind2=" ">
    <subfield code="a">Chavan,Sarika</subfield>
    <subfield code="9">217485</subfield>
  </datafield>
  <datafield tag="942" ind1=" " ind2=" ">
    <subfield code="2">ddc</subfield>
    <subfield code="c">BK</subfield>
  </datafield>
  <datafield tag="999" ind1=" " ind2=" ">
    <subfield code="c">234588</subfield>
    <subfield code="d">234588</subfield>
  </datafield>
  <datafield tag="952" ind1=" " ind2=" ">
    <subfield code="0">0</subfield>
    <subfield code="1">0</subfield>
    <subfield code="2">ddc</subfield>
    <subfield code="4">0</subfield>
    <subfield code="7">0</subfield>
    <subfield code="8">JR</subfield>
    <subfield code="a">AL</subfield>
    <subfield code="b">AL</subfield>
    <subfield code="c">SK</subfield>
    <subfield code="d">2025-07-05</subfield>
    <subfield code="e">amazon.in</subfield>
    <subfield code="g">320.00</subfield>
    <subfield code="l">1</subfield>
    <subfield code="o">659.2 PRAS</subfield>
    <subfield code="p">077722</subfield>
    <subfield code="r">2025-07-28 13:24:42</subfield>
    <subfield code="s">2025-07-16</subfield>
    <subfield code="v">320.00</subfield>
    <subfield code="w">2025-06-30</subfield>
    <subfield code="y">BK</subfield>
  </datafield>
</record>
